000 00430nam a2200169Ia 4500
008 140626s9999 xx 000 0 und d
100 _aSengupta, Arghya.
245 _aDoes India needs its own Leveson Inquiry? /
_c Arghya.Sengupta
260 _cc2013.
300 _a40 : 2, page 119
440 _aMedia Asia
521 _aMC
650 _aCommunication.
650 _aIndia.
650 _aLeveson inquiry.
942 _cSE
999 _c121195
_d121195